|
|
|
|
| LEADER |
00000nam0a2200000 4500 |
| 001 |
67061 |
| 005 |
20231101212309.0 |
| 010 |
|
|
|a 9854541762
|
| 035 |
|
|
|a (RuTPU)RU\TPU\book\71420
|
| 090 |
|
|
|a 67061
|
| 100 |
|
|
|a 20040913d2002 km y0rusy50 ca
|
| 101 |
0 |
|
|a rus
|
| 102 |
|
|
|a BY
|
| 105 |
|
|
|a y ef 000zy
|
| 200 |
1 |
|
|a Большой энциклопедический словарь: философия, социология, религия, эзотеризм, политэкономия
|f сост. С. Ю. Солодовников
|
| 210 |
|
|
|a Минск
|c МФЦП
|d 2002
|
| 215 |
|
|
|a 1007 с.
|
| 606 |
1 |
|
|a Справочники словарного типа
|2 stltpush
|3 (RuTPU)RU\TPU\subj\56076
|9 74007
|
| 610 |
1 |
|
|a справочные издания
|
| 610 |
1 |
|
|a энциклопедические словари
|
| 610 |
1 |
|
|a тематические справочники
|
| 610 |
1 |
|
|a философия
|
| 610 |
1 |
|
|a социология
|
| 610 |
1 |
|
|a религия
|
| 610 |
1 |
|
|a эзотеризм
|
| 610 |
1 |
|
|a политэкономия
|
| 686 |
|
|
|a Я21
|v LBC/SL-A
|2 rubbk
|
| 686 |
|
|
|a Ю0/3я2
|v LBC/SL-A
|2 rubbk
|
| 686 |
|
|
|a С5я2
|v LBC/SL-A
|2 rubbk
|
| 686 |
|
|
|a Эя2
|v LBC/SL-A
|2 rubbk
|
| 686 |
|
|
|a У011я2
|v LBC/SL-A
|2 rubbk
|
| 702 |
|
1 |
|a Солодовников
|b С. Ю.
|4 220
|
| 801 |
|
1 |
|a RU
|b 63413507
|c 20040913
|g PSBO
|
| 801 |
|
2 |
|a RU
|b 63413507
|c 20141017
|g PSBO
|
| 942 |
|
|
|c BK
|